000 00318nam a2200121Ia 4500
008 240731s9999 xx 000 0 und d
022 _a1469-9524
245 0 _aJournal of Iberian and Latin American Studies
260 _bRoutledge
856 _uhttps://www.tandfonline.com/loi/cjil20
942 _2ddc
942 _cTFEJ
999 _c77827
_d77827
945 _a1
_bMadushi Gamage
_c1
_dMadushi Gamage